FIFA World Cup 2022 Tile Select - Statistics

General Stats
  • This quiz has been taken 1,382 times
  • The average score is 34 of 45
Answer Stats
Question Tile Select % Correct
countries that participated in the 2022 FIFA World Cup Belgium Yes
98%
countries that participated in the 2022 FIFA World Cup Mexico Yes
96%
footballers who scored at least 3 goals during the tournament Kylian Mbappe Yes
93%
footballers who scored at least 3 goals during the tournament Lionel Messi Yes
93%
countries that participated in the 2022 FIFA World Cup Iran Yes
92%
countries that participated in the 2022 FIFA World Cup Egypt No
91%
countries that participated in the 2022 FIFA World Cup Italy No
91%
countries that participated in the 2022 FIFA World Cup Ecuador Yes
90%
teams that Brazil has versed in this tournament Argentina No
88%
countries that participated in the 2022 FIFA World Cup Nigeria No
88%
teams that Brazil has versed in this tournament France No
87%
teams that Brazil has versed in this tournament Wales No
87%
countries that participated in the 2022 FIFA World Cup Ghana Yes
86%
countries which topped their group United States No
85%
countries that participated in the 2022 FIFA World Cup Colombia No
84%
countries which topped their group Denmark No
84%
countries which topped their group Uruguay No
83%
countries which topped their group Germany No
82%
countries which topped their group Argentina Yes
81%
footballers who scored at least 3 goals during the tournament Luka Modric No
80%
teams that Brazil has versed in this tournament Japan No
79%
teams that Brazil has versed in this tournament Croatia Yes
77%
countries which topped their group Netherlands Yes
77%
footballers who scored at least 3 goals during the tournament Robert Lewandowski No
77%
footballers who scored at least 3 goals during the tournament Memphis Depay No
76%
teams that Brazil has versed in this tournament Serbia Yes
76%
matches which had more than 4 goals France vs Morocco No
75%
matches which had more than 4 goals Poland vs Saudi Arabia No
75%
teams that Brazil has versed in this tournament Switzerland Yes
75%
footballers who scored at least 3 goals during the tournament Cristiano Ronaldo No
73%
matches which had more than 4 goals Qatar vs Senegal No
72%
teams that Brazil has versed in this tournament Cameroon Yes
71%
countries which topped their group Portugal Yes
71%
matches which had more than 4 goals Japan vs Costa Rica No
69%
footballers who scored at least 3 goals during the tournament Neymar Jr. No
68%
matches which had more than 4 goals Portugal vs Switzerland Yes
67%
teams that Brazil has versed in this tournament South Korea Yes
67%
countries which topped their group Morocco Yes
65%
countries which topped their group Croatia No
59%
matches which had more than 4 goals France vs Australia Yes
57%
footballers who scored at least 3 goals during the tournament Marcus Rashford Yes
47%
matches which had more than 4 goals Cameroon vs Serbia Yes
45%
matches which had more than 4 goals Croatia vs Canada Yes
41%
matches which had more than 4 goals Serbia vs Switzerland Yes
40%
footballers who scored at least 3 goals during the tournament Alvaro Morata Yes
36%
No matching quizzes found
Score Distribution
Percent of People with Each Score
Percentile by Number Answered
Your Score History
You have not taken this quiz